000 00805nam a22001577a 4500
003 OSt
005 20150922155248.0
008 150922b xxu||||| |||| 00| 0 eng d
040 _cRUA
082 _aAGR POK 2010 B047 Or.1
100 _91132
_aPOK PANHA
245 _aSystem of rice intensification adoption and adaptation improvement intramkok district, takeo province,(ការវិវត្តនៃការទទួលយកបច្ចេកទេសប្រពន្ធ័ប្រពលវប្បកម្មដំណាំស្រូវតាមគោលការណ៍ធម្មជាតិរបស់កសិករ​ ស្រុកត្រាំកក់​ ខេត្តតាកែវ)
260 _aPhnom Penh
_bRUA
_c2010
300 _axvi,86p.
_bill.
_c29cm.
942 _2ddc
_cAGR
999 _c1084
_d1084